| 000 | 00725cam a22002413a 4500 | ||
|---|---|---|---|
| 001 | 15535 | ||
| 003 | PGUSA | ||
| 005 | 20140828083330.0 | ||
| 008 | 050404s2005||||xxu|||||s|||||000 | eng d | ||
| 040 |
_aPGUSA _beng |
||
| 042 | _adc | ||
| 050 | 4 | _aMT | |
| 100 | 1 |
_aMartens, Frederick Herman, _d1874-1932 |
|
| 245 | 1 | 0 |
_aViolin Mastery : _bTalks with Master Violinists and Teachers _h[electronic resource] / _cFrederick Herman Martens |
| 260 |
_bProject Gutenberg, _c2005 |
||
| 506 | _aPublic domain in the USA. | ||
| 516 | _aElectronic text | ||
| 653 | _aViolinists | ||
| 653 | _aViolin -- Instruction and study | ||
| 830 | 0 |
_aProject Gutenberg _v15535 |
|
| 856 | 4 | 0 | _uhttp://www.gutenberg.org/ebooks/15535 |
| 942 | _cEB | ||
| 999 |
_c244790 _d244790 |
||